000 00876nam a2200265Ia 4500
003 OSt
005 20220927104053.0
006 a|||||r|||| 00| 0
007 ta
008 220926b |||||||| |||| 00| 0 eng d
024 _a80700
037 _cReference Collections
040 _aRTL
_cRTL
_beng
041 _2eng
_aeng
082 _a"Y:4355:5, M4/UN"
110 _a"UNITED NATIONS, ECONOMIC AND SOCIAL CONNISSION FOR ASIA AND THE PACIFIC"
_9362559
245 0 _aProceedings of the seminars on flood vulnerability
260 _aNew
_bYork UN
_c1984
300 _a130p
_ccm.
490 _a"UN, Water resources series.58"
650 _aFamine and Drought
_9362560
700 _a"UNITED NATIONS, ECONOMIC AND SOCIAL CONNISSION FOR ASIA AND THE PACIFIC"
_9362561
942 _h"Y:4355:5, M4/UN"
_cCC
999 _c685333
_d685333